Rock, Paper, Scissors - Statistics

General Stats
  • This quiz has been taken 168 times
  • The average score is 8 of 26
Answer Stats
Oponnents Pick Your Pick to win % Correct
Scissors Rock
100%
Rock Paper
95%
Rock Paper
60%
Paper Scissors
60%
Paper Scissors
54%
Paper Scissors
54%
Scissors Rock
53%
Paper Scissors
38%
Rock Paper
36%
Paper Scissors
36%
Scissors Rock
33%
Rock Paper
27%
Scissors Rock
23%
Rock Paper
19%
Paper Scissors
19%
Scissors Rock
18%
Scissors Rock
17%
Rock Paper
12%
Scissors Rock
12%
Paper Scissors
12%
Rock Paper
8%
Scissors Rock
8%
Paper Scissors
7%
Scissors Rock
5%
Rock Paper
4%
Paper Scissors
4%
No matching quizzes found
Score Distribution
Percent of People with Each Score
Percentile by Number Answered
Your Score History
You have not taken this quiz